000 00625nam a2200205Ia 4500
005 20260601193222.0
008 260601s9999||||xx |||||||||||||| ||und||
020 _a978-981-99-8388-9
_qebk
100 _aTongliang Liu
245 0 _aAI 2023: Advances in Artificial Intelligence
250 _a1st ed. 2024
260 _aHeidelberg, Germany
_bSpringer Nature
_c2024
440 _aLecture Notes in Computer Science
650 _aComputer Science
700 _aDadong Wang
700 _aGeoff Webb
700 _aLin Yue
856 _uhttps://link.springer.com/openurl?genre=book&isbn=978-981-99-8388-9
942 _cEB
_2ddc
999 _c55828
_d55828